000 00827aam a2200289 i 4500
001 768714001
003 CO-MdFUSB
005 20250830121110.0
007 ta
008 250830t1941 -us |||| |||| 00| 0 eng d
040 _cCO-MdBIC
041 0 _aeng
082 0 4 _223
_a249
_bP1321p
100 1 _aPage, Kirby (1890-1957)
_eautor
245 1 0 _aLiving prayerfully :
_bhow to experience life's deepest satisfactions and serve mankind most effectively
_c/ Kirby Page
264 1 _bFarrar and Rinehard,
_aNew York, USA :
_c[1941]
264 4 _c©1941
300 _a521 páginas
336 _atexto
_btxt
_2rdacontent
337 _2rdamedia
_asin mediación
_bn
338 _2rdacarrier
_avolumen
_bnc
563 _aPasta dura
650 7 _aOración
_986
942 _cBK
945 _aJTF-925
999 _c36313
_d36313